The rural landscape of Antipatris' Hinterland from the Hellenistic to the Byzantine periods /
This volume presents the results of extensive excavations conducted in the rural region south and east of the modern city of Rosh Ha'Ayin. The archaeological and historical data that are analysed span a period of over 1000 years. To examine the settlement pattern of the region, 22 sites were ch...
المؤلف الرئيسي:
التنسيق: كتاب الكتروني
اللغة: English
منشور في:
Oxford :
Archaeopress Archaeology,
2023.
الموضوعات:
الوصول للمادة أونلاين: Login to view Source
الوسوم: إضافة وسم
رقم الطلب: DS110.A34
| LEADER | 02367nam a2200397 i 4500 | ||
|---|---|---|---|
| 001 | EDZ0003082272 | ||
| 003 | StDuBDS | ||
| 005 | 20230828071404.0 | ||
| 006 | m|||||o||d|||||||| | ||
| 007 | cr ||||||||||| | ||
| 008 | 230622s2023 enkab fob 000|0|eng|d | ||
| 020 | |a 9781803275284 (PDF ebook) : |c No price | ||
| 040 | |a StDuBDS |b eng |c StDuBDS |e rda |e pn | ||
| 050 | 4 | |a DS110.A34 | |
| 082 | 0 | 4 | |a 933.47 |2 23 |
| 100 | 1 | |a Shadman, Amit, |e author. | |
| 245 | 1 | 4 | |a The rural landscape of Antipatris' Hinterland from the Hellenistic to the Byzantine periods / |c Amit Shadman. |
| 264 | 1 | |a Oxford : |b Archaeopress Archaeology, |c 2023. | |
| 300 | |a 1 online resource (254 pages) : |b illustrations (colour), maps (colour) | ||
| 336 | |a text |2 rdacontent | ||
| 336 | |a still image |2 rdacontent | ||
| 336 | |a cartographic image |2 rdacontent | ||
| 337 | |a computer |2 rdamedia | ||
| 338 | |a online resource |2 rdacarrier | ||
| 500 | |a Also issued in print: 2023. | ||
| 504 | |a Includes bibliographical references. | ||
| 520 | 8 | |a This volume presents the results of extensive excavations conducted in the rural region south and east of the modern city of Rosh Ha'Ayin. The archaeological and historical data that are analysed span a period of over 1000 years. To examine the settlement pattern of the region, 22 sites were chosen, divided into five primary models, which represent a hierarchal settlement pattern: farmsteads; subsidiary villages; fortresses; monasteries and churches; towns. These five settlement types were examined throughout the periods under study. Emphasis is consistently placed on landscape archaeology - rural roads, field towers, plot boundaries, oil presses, winepresses, and terraces. A key aim is to date the creation of agricultural systems and to track the potential areas of cultivation of different agricultural products. | |
| 521 | |a Specialized. | ||
| 588 | |a Description based on online resource; title from PDF title page (viewed on July 31, 2023). | ||
| 651 | 0 | |a Aphek (Extinct city) | |
| 650 | 0 | |a Excavations (Archaeology) |z Israel |z Aphek (Extinct city) | |
| 776 | 0 | 8 | |i Print version : |z 9781803275277 |
| 856 | 4 | 0 | |u http://library.arce.org:8087/Archaeopress/Products/9781803275277 |
| 942 | |2 lcc |c EBOOK | ||
| 952 | |0 0 |1 0 |4 0 |6 DS0110 A34 |7 1 |9 49735 |a ARCH |b ARCH |d 2023-08-28 |l 0 |o DS110.A34 |r 2023-08-28 00:00:00 |w 2023-08-28 |y EBOOK | ||
| 999 | |c 54378 |d 54378 | ||
